000 00907nam0a2200301 4500
001 RU\NLR\bibl\741694
005 20250614003237.0
010 _a5-94850-338-0
_92000
021 _aRU
_b2004-49745
_92447
035 _a(NLR Aleph) 000731566
090 _a765945
_c765945
100 _a20050330d2004 |||y0rusy50 ca
101 0 _arus
102 _aRU
105 _ay |||||||||
200 1 _aПризраки на том берегу
_e[роман]
_fЕлена Съянова
_gОЛМА медиагрупп
210 _aМосква
_cОлма-Пресс
_d2004
215 _a508, [1] с.
_d21
225 1 _aМастер-класс
686 _aШ6(2=Р)75-442
700 1 _aСъянова
_bЕ.
_gЕлена
_4070
801 0 _aRU
_bNLR
_c20050330
_gPSBO
801 1 _aRU
_bNLR
_c20050330
942 _cBOOK
980 _aNB